[Event "Bratto Amateur op"]
[Site "Bratto"]
[Date "2012.04.28"]
[Round "1"]
[White "Stoppa, Omar"]
[Black "Radice, Luca"]
[Result "1-0"]
[WhiteElo "2278"]
[BlackElo "2042"]
[PlyCount "87"]
[EventDate "2012.04.28"]
[EventType "swiss"]
[EventRounds "6"]
[EventCountry "ITA"]
[SourceTitle "EXT 2023"]
[Source "ChessBase"]
[SourceDate "2022.10.05"]
[SourceVersion "1"]
[SourceVersionDate "2022.10.05"]
[SourceQuality "1"]

1. e4 e6 2. Nf3 d5 3. e5 Bd7 4. d4 c5 5. Bd3 cxd4 6. 0-0 Nc6 7. a3 Nge7 8. b4 Nc8 9. Nbd2 Nb6 10. Nb3 Nc4 11. Qe2 Rc8 12. Re1 Be7 13. Nbxd4 Nxd4 14. Nxd4 a5 15. Rb1 a4 16. Qg4 Kf8 17. Nf3 h5 18. Qf4 g5 19. Qd4 g4 20. Nd2 Qb6 21. Qf4 Nxd2 22. Bxd2 Bb5 23. Bg6 Be8 24. Be3 Qa6 25. b5 Qa5 26. Bd2 Qd8 27. Bb4 Rc4 28. Qf6 Rh6 29. Bxe7+ Qxe7 30. Qxe7+ Kxe7 31. Bd3 Rc3 32. Ra1 f6 33. Kf1 fxe5 34. Rxe5 Kd6 35. Rg5 e5 36. f3 gxf3 37. gxf3 Rf6 38. Ke2 Rc5 39. c4 e4 40. Bxe4 dxe4 41. Rd1+ Ke7 42. Rxc5 Rxf3 43. Re5+ Kf7 44. Rd8 1-0

[Event "Ceriano Laghetto op 21st"]
[Site "Ceriano Laghetto"]
[Date "2012.03.??"]
[Round "3"]
[White "Radice, Luca"]
[Black "Medici, Simone"]
[Result "1-0"]
[WhiteElo "2042"]
[BlackElo "2131"]
[PlyCount "59"]
[EventDate "2012.03.24"]
[EventType "swiss"]
[EventRounds "5"]
[EventCountry "ITA"]
[SourceTitle "EXT 2014"]
[Source "ChessBase"]
[SourceDate "2013.11.20"]
[SourceVersion "1"]
[SourceVersionDate "2013.11.20"]
[SourceQuality "1"]

1. d4 Nf6 2. c4 e6 3. Nf3 d5 4. Nc3 Be7 5. Bg5 Nbd7 6. e3 h6 7. Bxf6 Nxf6 8. Qc2 0-0 9. Ne5 c6 10. g4 Bd6 11. Rg1 Bxe5 12. dxe5 Nd7 13. f4 Qh4+ 14. Rg3 f6 15. exf6 Nxf6 16. 0-0-0 e5 17. Qg2 d4 18. Be2 dxe3 19. f5 Qg5 20. h4 Qxh4 21. g5 hxg5 22. Rxg5 Ne8 23. Rg1 Rxf5 24. Rxg7+ Kf8 25. Rg8+ Ke7 26. Rh1 Qf2 27. Qg6 Be6 28. Bg4 Rf6 29. Rh7+ Rf7 30. Qxe6+ 1-0

[Event "Noale Szabados Memorial-A 5th"]
[Site "Noale"]
[Date "2012.02.05"]
[Round "4"]
[White "Radice, Luca"]
[Black "Redo, Giorgio"]
[Result "0-1"]
[WhiteElo "2025"]
[BlackElo "2098"]
[PlyCount "72"]
[EventDate "2012.02.03"]
[EventType "swiss"]
[EventRounds "5"]
[EventCountry "ITA"]
[SourceTitle "EXT 2022"]
[Source "ChessBase"]
[SourceDate "2021.10.06"]
[SourceVersion "1"]
[SourceVersionDate "2021.10.06"]
[SourceQuality "1"]

1. d4 c5 2. d5 e5 3. e4 d6 4. Nc3 Nf6 5. Bb5+ Bd7 6. a4 a6 7. Be2 Qa5 8. Bd2 Be7 9. Nf3 Bg4 10. 0-0 Bxf3 11. Bxf3 0-0 12. Ra3 Nbd7 13. Ne2 Qc7 14. c4 h6 15. Ng3 Nh7 16. Bg4 Bg5 17. Bxd7 Qxd7 18. Nf5 Nf6 19. Bxg5 hxg5 20. Rh3 g6 21. Rh6 Nxe4 22. f3 Qxf5 23. fxe4 Qxe4 24. Qc1 f6 25. Rf3 Kg7 26. Rhh3 Rh8 27. Rhg3 Rh4 28. Rb3 b5 29. axb5 axb5 30. Rxb5 Qd4+ 31. Kh1 Qxc4 32. Rb7+ Kf8 33. Qb1 Qxd5 34. Rc7 Qe4 35. Qd1 Qd4 36. Rd3 Qxd3 0-1

[Event "Noale Szabados Memorial-A 5th"]
[Site "Noale"]
[Date "2012.02.04"]
[Round "2"]
[White "Radice, Luca"]
[Black "Molina, Fabrizio"]
[Result "0-1"]
[WhiteElo "2025"]
[BlackElo "2311"]
[PlyCount "84"]
[EventDate "2012.02.03"]
[EventType "swiss"]
[EventRounds "5"]
[EventCountry "ITA"]
[SourceTitle "EXT 2022"]
[Source "ChessBase"]
[SourceDate "2021.10.06"]
[SourceVersion "1"]
[SourceVersionDate "2021.10.06"]
[SourceQuality "1"]

1. d4 d5 2. c4 c6 3. Nf3 Nf6 4. e3 Bg4 5. h3 Bh5 6. Nbd2 e6 7. Qb3 Qc7 8. Ne5 Nbd7 9. Ndf3 Bd6 10. g4 Bg6 11. Nxg6 hxg6 12. Bg2 dxc4 13. Qxc4 Nb6 14. Qe2 Nfd5 15. Bd2 0-0-0 16. 0-0-0 Kb8 17. Kb1 Rhe8 18. Rc1 f6 19. Ba5 Qf7 20. Bxb6 axb6 21. Qc4 Qe7 22. Rhd1 Bc7 23. Qc2 g5 24. Rd2 Rd7 25. Qe4 Qb4 26. a3 Qa5 27. Rdc2 Bd6 28. Qg6 Red8 29. Qe4 Re7 30. Nd2 Qa4 31. Rc4 Qb5 32. a4 Qa6 33. Bf1 Qa5 34. Nb3 Qa7 35. Qc2 Nb4 36. Rxb4 Bxb4 37. Qc4 Qxa4 38. Na1 b5 39. Qe2 e5 40. Nc2 exd4 41. Qf3 dxe3 42. fxe3 Qb3 0-1

[Event "Noale Szabados Memorial-A 5th"]
[Site "Noale"]
[Date "2012.02.03"]
[Round "1"]
[White "Sbarra, Marco"]
[Black "Radice, Luca"]
[Result "1-0"]
[WhiteElo "2288"]
[BlackElo "2025"]
[PlyCount "61"]
[EventDate "2012.02.03"]
[EventType "swiss"]
[EventRounds "5"]
[EventCountry "ITA"]
[SourceTitle "EXT 2022"]
[Source "ChessBase"]
[SourceDate "2021.10.06"]
[SourceVersion "1"]
[SourceVersionDate "2021.10.06"]
[SourceQuality "1"]

1. f4 d5 2. b3 Nf6 3. Bb2 c5 4. Nf3 Nc6 5. e3 e6 6. Ne5 Bd6 7. Nxc6 bxc6 8. Be2 0-0 9. 0-0 Qe7 10. Qe1 e5 11. Qh4 Re8 12. Bd3 h6 13. fxe5 Bxe5 14. Bxe5 Qxe5 15. Nc3 Rb8 16. Qf4 Qxf4 17. Rxf4 Be6 18. Ra4 Re7 19. Ra5 c4 20. Be2 Bf5 21. Rc1 cxb3 22. cxb3 Rbb7 23. Rc5 Bd7 24. Bf3 g5 25. g3 Be8 26. Bg2 Rb4 27. Ne2 Rb5 28. Rxb5 cxb5 29. Rc5 Kg7 30. Nd4 a6 31. Nf5+ 1-0

[Event "Mantova op-A 2nd"]
[Site "Mantova"]
[Date "2012.01.02"]
[Round "1"]
[White "Radice, Luca"]
[Black "Genocchio, Daniele"]
[Result "0-1"]
[WhiteElo "2025"]
[BlackElo "2434"]
[PlyCount "80"]
[EventDate "2012.01.02"]
[EventType "swiss"]
[EventRounds "9"]
[EventCountry "ITA"]
[SourceTitle "CBM 146 Extra"]
[Source "ChessBase"]
[SourceDate "2012.02.29"]
[SourceVersion "1"]
[SourceVersionDate "2012.02.29"]
[SourceQuality "1"]

1. d4 Nf6 2. c4 e6 3. Nf3 c5 4. d5 b5 5. dxe6 fxe6 6. cxb5 Bb7 7. Nc3 Be7 8. Bg5 0-0 9. e3 a6 10. a4 d5 11. Be2 axb5 12. Bxb5 Nc6 13. 0-0 Qc7 14. Bf4 Bd6 15. Bxd6 Qxd6 16. Qe2 e5 17. e4 d4 18. Nd5 Kh8 19. Nxf6 Rxf6 20. Nd2 Nb4 21. Bd3 Rh6 22. Rfc1 Rh4 23. f3 Qh6 24. Nf1 Nxd3 25. Qxd3 Ba6 26. Qd2 c4 27. Qa5 Rh5 28. Rxc4 Qe6 29. Rxd4 exd4 30. Qxh5 Qb6 31. a5 Qxb2 32. Qd5 Rb8 33. Rd1 d3 34. h3 h6 35. Qd6 Bc4 36. Ne3 Qb3 37. Kh2 Rc8 38. a6 Qa4 39. Rc1 Qxa6 40. Nxc4 Qxd6+ 0-1

[Event "Milan Molinari Memorial 5th"]
[Site "Milan"]
[Date "2011.10.28"]
[Round "1"]
[White "Pace, Pietro Dario"]
[Black "Radice, Luca"]
[Result "1-0"]
[WhiteElo "2276"]
[BlackElo "1972"]
[PlyCount "75"]
[EventDate "2011.10.28"]
[EventType "swiss"]
[EventRounds "6"]
[EventCountry "ITA"]
[SourceTitle "EXT 2014"]
[Source "ChessBase"]
[SourceDate "2013.11.20"]
[SourceVersion "1"]
[SourceVersionDate "2013.11.20"]
[SourceQuality "1"]

1. e4 e6 2. d3 d5 3. Nd2 Nf6 4. Ngf3 c5 5. g3 Nc6 6. Bg2 Be7 7. 0-0 0-0 8. Re1 b5 9. e5 Nd7 10. Nf1 a5 11. h4 b4 12. N1h2 Ba6 13. Ng4 Rb8 14. Bf4 Nb6 15. Qd2 c4 16. Bg5 a4 17. d4 c3 18. bxc3 bxc3 19. Qf4 Kh8 20. Re3 Nc4 21. Rxc3 Qa5 22. Rd3 Qc7 23. h5 Rb2 24. h6 g6 25. Bf6+ Kg8 26. Ng5 Rxc2 27. Bxe7 Qxe7 28. Nf6+ Kh8 29. Rdd1 Rb8 30. Bxd5 Nd8 31. Be4 Rcb2 32. Nfxh7 Nb6 33. Nf6 Bc4 34. Rdc1 Nd5 35. Bxd5 exd5 36. Rxc4 dxc4 37. Nd5 Ne6 38. Nxf7+ 1-0

[Event "Liscate op"]
[Site "Liscate"]
[Date "2011.10.14"]
[Round "1"]
[White "Radice, Luca"]
[Black "Vuelban, Virgilio"]
[Result "0-1"]
[WhiteElo "1972"]
[BlackElo "2353"]
[PlyCount "82"]
[EventDate "2011.10.14"]
[EventType "swiss"]
[EventRounds "5"]
[EventCountry "ITA"]
[SourceTitle "EXT 2014"]
[Source "ChessBase"]
[SourceDate "2013.11.20"]
[SourceVersion "1"]
[SourceVersionDate "2013.11.20"]
[SourceQuality "1"]

1. d4 d5 2. c4 c6 3. e3 Nf6 4. Nf3 e6 5. Nbd2 a6 6. Bd3 dxc4 7. Nxc4 c5 8. 0-0 b5 9. Nce5 c4 10. Bc2 Bb7 11. Ng5 Qb6 12. Ngxf7 Rg8 13. a4 Nbd7 14. axb5 axb5 15. Rxa8+ Bxa8 16. Nxd7 Kxd7 17. Ne5+ Kc8 18. Qe2 g6 19. Bd2 Bd6 20. f4 Bd5 21. Rb1 g5 22. f5 Be4 23. Bxe4 Nxe4 24. fxe6 Bxe5 25. dxe5 Qxe6 26. Ra1 g4 27. Bb4 Kb7 28. b3 Ra8 29. Rc1 Rc8 30. Ra1 Ra8 31. Rc1 Rc8 32. Ra1 Rc6 33. bxc4 Qxc4 34. Qd1 Qxb4 35. Qd7+ Rc7 36. Qxg4 Qc4 37. h3 Qc1+ 38. Rxc1 Rxc1+ 39. Kh2 Rh1+ 40. Kxh1 Nf2+ 41. Kg1 Nxg4 0-1

[Event "Biella op-A 2nd"]
[Site "Biella"]
[Date "2011.09.23"]
[Round "1"]
[White "Radice, Luca"]
[Black "Genocchio, Daniele"]
[Result "0-1"]
[WhiteElo "1972"]
[BlackElo "2432"]
[PlyCount "102"]
[EventDate "2011.09.23"]
[EventType "swiss"]
[EventRounds "5"]
[EventCountry "ITA"]
[SourceTitle "CBM 144 Extra"]
[Source "ChessBase"]
[SourceDate "2011.10.28"]
[SourceVersion "1"]
[SourceVersionDate "2011.10.28"]
[SourceQuality "1"]

1. d4 Nf6 2. c4 e6 3. Nc3 Bb4 4. Nf3 c5 5. e3 d5 6. a3 cxd4 7. exd4 Bxc3+ 8. bxc3 0-0 9. Bd3 dxc4 10. Bxc4 Qc7 11. Qd3 b6 12. 0-0 Bb7 13. Bb2 Nbd7 14. Ba2 Ng4 15. h3 Bxf3 16. hxg4 Bxg4 17. c4 Qf4 18. Rae1 Rfd8 19. Re3 Rac8 20. Qb1 Nf6 21. Qa1 Bf5 22. d5 Ng4 23. Be5 Nxe5 24. Rxe5 f6 25. Re3 e5 26. Qc3 Rc5 27. Qb3 h5 28. Rfe1 Qh4 29. Qa4 Rcxd5 30. Qxa7 Rd2 31. g3 Qh3 32. Qxb6 R8d4 33. Bb1 Bxb1 34. Qb8+ Rd8 35. Qxb1 h4 36. c5 Qg4 37. Qe4 Qxe4 38. Rxe4 hxg3 39. fxg3 Rc2 40. R1e2 Rxc5 41. a4 Rd3 42. g4 Ra3 43. g5 Rg3+ 44. Rg2 Rc1+ 45. Kh2 Rxg2+ 46. Kxg2 Kf7 47. gxf6 gxf6 48. Rb4 Ra1 49. Kf3 Ke6 50. Rb6+ Kf5 51. Rb4 Ra3+ 0-1

[Event "Politiken Cup 33rd"]
[Site "Helsingor"]
[Date "2011.08.06"]
[Round "9"]
[White "Andersen, Guttorm"]
[Black "Radice, Luca"]
[Result "0-1"]
[WhiteElo "1768"]
[BlackElo "2021"]
[PlyCount "68"]
[EventDate "2011.07.30"]
[EventType "swiss"]
[EventRounds "10"]
[EventCountry "DEN"]
[SourceTitle "CBM 143 Extra"]
[Source "ChessBase"]
[SourceDate "2011.08.29"]
[SourceVersion "1"]
[SourceVersionDate "2011.08.29"]
[SourceQuality "1"]

1. d4 Nf6 2. c4 e6 3. Nc3 d5 4. cxd5 exd5 5. Bg5 c6 6. Qc2 Be7 7. e3 Nbd7 8. Bd3 Nh5 9. Bxe7 Qxe7 10. Nge2 g6 11. 0-0 0-0 12. f3 Qxe3+ 13. Kh1 Ndf6 14. Rae1 Bd7 15. Nd1 Qe7 16. Qd2 Rfe8 17. g4 Ng7 18. Ng3 Qd6 19. Ne3 Qf4 20. Nc4 Qxd2 21. Nxd2 Ne6 22. Ne2 Kg7 23. Kg2 Re7 24. h3 Rae8 25. Kf2 h5 26. Kg3 Nxd4 27. Rf2 hxg4 28. hxg4 Re3 29. Nxd4 Rxe1 30. Ne2 Re3 31. Nf4 Nxg4 32. Nf1 Nxf2 33. Kxf2 Re8 34. Ng3 Ra1 0-1

[Event "Ceriano Laghetto op-A 20th"]
[Site "Ceriano Laghetto"]
[Date "2011.04.01"]
[Round "1"]
[White "Lapiccirella, Daniele"]
[Black "Radice, Luca"]
[Result "1/2-1/2"]
[WhiteElo "2255"]
[BlackElo "1997"]
[PlyCount "34"]
[EventDate "2011.04.01"]
[EventType "swiss"]
[EventRounds "5"]
[EventCountry "ITA"]
[SourceTitle "EXT 2023"]
[Source "ChessBase"]
[SourceDate "2022.10.05"]
[SourceVersion "1"]
[SourceVersionDate "2022.10.05"]
[SourceQuality "1"]

1. d4 d5 2. c4 dxc4 3. Nf3 Nf6 4. e3 Bg4 5. Bxc4 e6 6. Nc3 c6 7. h3 Bxf3 8. Qxf3 Be7 9. 0-0 0-0 10. Rd1 Nbd7 11. Bb3 Qa5 12. Bd2 Qh5 13. Qxh5 Nxh5 14. Ne4 Nhf6 15. Rac1 Bd8 16. Bc2 Bb6 17. g3 Rad8 1/2-1/2

[Event "Erba op 5th"]
[Site "Erba"]
[Date "2011.03.19"]
[Round "3"]
[White "Sgnaolin, Davide"]
[Black "Radice, Luca"]
[Result "1-0"]
[WhiteElo "2284"]
[BlackElo "1997"]
[PlyCount "62"]
[EventDate "2011.03.18"]
[EventType "swiss"]
[EventRounds "5"]
[EventCountry "ITA"]
[SourceTitle "EXT 2023"]
[Source "ChessBase"]
[SourceDate "2022.10.05"]
[SourceVersion "1"]
[SourceVersionDate "2022.10.05"]
[SourceQuality "1"]

1. e4 e6 2. d4 d5 3. Nd2 Nc6 4. Ngf3 Nf6 5. e5 Nd7 6. c3 f6 7. Bb5 Be7 8. 0-0 0-0 9. Re1 f5 10. Bd3 Ncb8 11. b4 b6 12. a4 c5 13. bxc5 bxc5 14. c4 Ba6 15. Qe2 Nc6 16. Ba3 cxd4 17. cxd5 Bxd3 18. Qxd3 exd5 19. Bxe7 Nxe7 20. Nxd4 Nc5 21. Qa3 Qa5 22. N2b3 Nxb3 23. Nxb3 Qd8 24. Nd4 Re8 25. Rac1 Qb6 26. Nb5 Ng6 27. Nc7 Rac8 28. Nxe8 Rxe8 29. Qc5 Qd8 30. Qc7 Qg5 31. e6 Nf4 1-0

[Event "Erba op 5th"]
[Site "Erba"]
[Date "2011.03.18"]
[Round "1"]
[White "Borgo, Giulio"]
[Black "Radice, Luca"]
[Result "1-0"]
[WhiteElo "2401"]
[BlackElo "1997"]
[PlyCount "105"]
[EventDate "2011.03.18"]
[EventType "swiss"]
[EventRounds "5"]
[EventCountry "ITA"]
[SourceTitle "EXT 2023"]
[Source "ChessBase"]
[SourceDate "2022.10.05"]
[SourceVersion "1"]
[SourceVersionDate "2022.10.05"]
[SourceQuality "1"]

1. e4 e6 2. b3 d5 3. Bb2 Nf6 4. e5 Nfd7 5. Nf3 c5 6. g3 Nc6 7. Bg2 Be7 8. 0-0 0-0 9. Qe2 b5 10. d3 a5 11. c4 bxc4 12. dxc4 Ba6 13. Rd1 Rc8 14. Nc3 Qc7 15. Rac1 Qb8 16. Nb5 d4 17. Re1 a4 18. bxa4 Nb6 19. Rb1 Nxa4 20. Ba1 Bxb5 21. cxb5 Nb4 22. Qd1 Qa7 23. a3 Nd5 24. Qd3 Rfd8 25. Nd2 Ndb6 26. Bc6 h6 27. h4 Nd5 28. Ne4 Qc7 29. Qc2 Ndb6 30. Nd2 Qa7 31. Re4 Nd5 32. Bxd5 exd5 33. Rf4 Nb6 34. Bb2 Qc7 35. Re1 Qd7 36. a4 Ra8 37. Ra1 Ra5 38. Ra3 Rda8 39. Raf3 Rf8 40. Nb3 Rxa4 41. Nxc5 Bxc5 42. Qxc5 Nc4 43. Bxd4 Qh3 44. g4 Qxh4 45. Qxd5 Rb4 46. Kg2 Rb1 47. Rh3 Rg1+ 48. Kxg1 Qxh3 49. Qxc4 g5 50. Re4 Qf3 51. Qe2 Qb3 52. e6 fxe6 53. Rxe6 1-0